Az új építési szabályrendelet hibái
Elmentve itt :
| Szerző: | |
|---|---|
| Dokumentumtípus: | Cikk |
| Megjelent: |
1911-12-03
|
| Sorozat: | Délmagyarország
2 No. 278 |
| Kulcsszavak: | Építésügy Szeged 1911 |
| Online Access: | http://dmarchiv.bibl.u-szeged.hu/42226 |
| LEADER | 00469nab a2200157 i 4500 | ||
|---|---|---|---|
| 001 | delm42226 | ||
| 005 | 20180927130129.0 | ||
| 008 | 180927s1911 hu o 0|| hun d | ||
| 040 | |a SZTE Délmagyarország Archívum |b hun | ||
| 041 | |a hun | ||
| 100 | 1 | |a Ligeti Béla | |
| 245 | 1 | 3 | |a Az új építési szabályrendelet hibái |h [elektronikus dokumentum] / |c Ligeti Béla |
| 260 | |c 1911-12-03 | ||
| 300 | |a 4-5 | ||
| 490 | 0 | |a Délmagyarország |v 2 No. 278 | |
| 695 | |a Építésügy Szeged 1911 | ||